000 00558nam a2200169 i 4500
001 53870
003 ES-MaACL
005 20251014063119.0
007 t|
008 031114s1932 sp ||||1| spa d
100 1 _aRuiz, Jácome,
_d1883-1952
_9170176
245 1 0 _aPráctica forense
_b: teoría y práctica del procedimiento judicial en materia civil, con 144 formularios /
_cJácome Ruiz [seud.].
260 _aMadrid :
_bBergua,
_c1932 (
_fSáez Hermanos)
300 _a584 p. ;
_c16 cm.
852 _aES-MaACL
_jA-1158
999 _c53870
_d53870